| 000 | 00865nam a2200289uu 4500 | ||
|---|---|---|---|
| 001 | 1088101 | ||
| 005 | 20260507083626.0 | ||
| 008 | 080626s2007 spa | ||
| 020 | _a9789706867551 | ||
| 035 | _a1088101 | ||
| 035 | _a(OCoLC)777270929 | ||
| 040 | _ccomduadb | ||
| 041 | _aspa | ||
| 082 | 4 | _a658 | |
| 100 | 1 | 0 |
_aMetzger, Michael _4aut _eaut _9461661 |
| 245 | 1 | 0 | _aGerencia estratégica de mercadeo |
| 260 |
_aMéxico : _bThomson Learning, _c2007. |
||
| 300 |
_a145 páginas : _bilustraciones |
||
| 650 |
_aGerencia estratégica _9103114 |
||
| 650 |
_aGestión de mercadeo _9152633 |
||
| 650 | 7 |
_aMercadeo _2lemb _91171 |
|
| 650 |
_aEstrategias de mercadotecnia _9125510 |
||
| 650 | 7 |
_aConsumidores _2lemb _97354 |
|
| 650 | 7 |
_aInvestigación de mercados _2armarc _963473 |
|
| 700 | 1 | 0 |
_aDonaire, Victor _4aut _eaut _9461662 |
| 942 | _cBOOK | ||
| 999 |
_c458342 _d458342 |
||